| 000 | 00715nab a2200241 a 4500 | ||
|---|---|---|---|
| 005 | 20210219160240.0 | ||
| 008 | 991125s1985 mx 000 0 spa u | ||
| 035 | _aUPN01000161442 | ||
| 100 | 1 | _aFernández Enguita, Mariano | |
| 222 | _aREVISTA DE EDUCACION | ||
| 245 | _a¿ Fronteras en las aulas ? : contacto transcultural y endogamia en las interacciones del alumnado | ||
| 260 | _aMadrid, España | ||
| 300 | _a157-181 | ||
| 362 | 0 | _a2008 No. 345, ene.-abr. | |
| 653 | 0 | _aCONTACTO INTERCULTURAL | |
| 653 | 0 | _aREDES DE INTERACCION | |
| 653 | 0 | _aFAMILIA INMIGRANTE | |
| 700 | 1 | _aGaete, José Manuel, | |
| 700 | 1 | _ecoaut. | |
| 700 | 1 | _aTerrén, Eduardo, | |
| 700 | 1 | _ecoaut. | |
| 905 | _aArticulo | ||
| 999 |
_c133555 _d133555 |
||